000 00616nam a2200229 a 4500
999 _c1098
_d1098
008 191126r20092012ii a|||g |||| 001 0 eng d
020 _a9780070671195
_cRs. 320.00
040 _aKO
_beng
041 0 _aeng
044 _aii
082 0 4 _223
_a670.42
_bB3296
100 1 _aBawa, H. S.
245 1 0 _aWorkshop Practice /
_cH. S. Bawa
260 _aNew Delhi :
_bTata McGraw Hill,
_c2009, reprinted 2012
300 _axiii, 250 p. :
_bill. ;
_c24 cm.
504 _aIncludes index.
650 0 _aEngineering design
_xMaterials
650 0 _aMetal
_xworking machinery
904 _aS_JOY
942 _cBK